| 000 | 01519nam a22003255i 4500 | ||
|---|---|---|---|
| 999 |
_c27694 _d27665 |
||
| 003 | EG-ScBUE | ||
| 005 | 20191020120553.0 | ||
| 008 | 191020s2005 ua f b 000 0 ara d | ||
| 017 | _a2005 / 3458 | ||
| 020 | _a9772239647 | ||
| 040 |
_aEG-ScBUE _bara _erda _cEG-ScBUE _dEG-ScBUE |
||
| 043 |
_aa-ja--- _ama----- |
||
| 082 | 0 | 4 |
_a327.520174927 _bح و ا _222 |
| 245 | 0 | 0 |
_aحوار الحضارات بين اليابان والعالم الإسلامي / _cتحرير أ. د. محمد السيد سليم. |
| 264 | 1 |
_aالجيزة، مصر : _bمركز الدراسات الآسيوية، كلية الاقتصاد والعلوم السياسية، جامعة القاهرة، _c2005. |
|
| 300 |
_a1 مجلد (متعدد الترقيم) ؛ _c24 سم |
||
| 336 |
_2rdacontent _atext _btxt |
||
| 337 |
_2rdamedia _aunmediated _bn |
||
| 338 |
_2rdacarrier _avolume _bnc |
||
| 504 | _aيشتمل على إرجاعات ببليوجرافية. | ||
| 541 |
_aDr. Gamal Selim ; _cDonation ; |
||
| 650 | _2BUEsh | ||
| 651 | 7 |
_aاليابان _xعلاقات خارجية _zالبلاد العربية. _2BUEsh |
|
| 651 | 7 |
_aالبلاد العربية _xعلاقات خارجية _zاليابان. _2BUEsh |
|
| 651 | 7 |
_aاليابان _xعلاقات خارجية _zالبلاد الإسلامية. _2BUEsh |
|
| 651 | 7 |
_aالبلاد الإسلامية _xعلاقات خارجية _zاليابان. _2BUEsh |
|
| 653 |
_bMASPPSS _bBUSBOL _cOctober2019 |
||
| 700 | 1 |
_aسليم، محمد السيد، _eمحرر. |
|
| 942 | _2ddc | ||